| 000 | 00774nam a2200265Ia 4500 | ||
|---|---|---|---|
| 001 | 21931 | ||
| 005 | 20260320113326.0 | ||
| 008 | 260320s9999||||xx |||||||||||||| ||und|| | ||
| 020 | _a9786124970153 | ||
| 041 | _aESP | ||
| 082 |
_a985.004 _bV18 |
||
| 100 |
_aValcárcel, Luis E., _eAUT |
||
| 245 | 0 |
_aTempestad en los Andes _b |
|
| 246 |
_a _5 _b |
||
| 250 | _aPrimera edición | ||
| 260 |
_aLima : _bAchawata, _c2024 |
||
| 300 |
_a194 páginas : _b _c18 cm. _e |
||
| 440 |
_a(Libros populares _n; número 21) _v |
||
| 650 | _aHIS | ||
| 653 | _aAndes peruanos | ||
| 654 | _aCHU | ||
| 700 |
_a _c |
||
| 856 |
_uhttps://0u20flup6-y-https-research-ebsco-com.itmsp.museknowledge.com/c/qxo6us/search _zVéase además: Base de datos EBSCOhost |
||
| 942 |
_cLIB _dJUS _fMAT _2ddc _n |
||
| 999 |
_c21931 _d21931 |
||